00405nam a2200157Ia 4500003000400000008004100004040001600045082001600061100001700077245004700094700001900141260003700160300001000197650002400207650001600231GCL140319s9999 xx 000 0 eng d aGCL / cGCL04a923.38bI I1 aIACOCCO, LEE10aIACOCCA: AN AUTOBIOGRAPHY / cIACOCCO, LEE1 aNOVAK, WILLIAM a[S.N] : bBANTAM BOOKS ، c1984 a367 P04aSUCCESS IN BUSINESS04aBUSINESSMEN